XML for dummies (Record no. 6463)
[ view plain ]
| 000 -LEADER | |
|---|---|
| fixed length control field | 00802 a2200217 4500 |
| 020 ## - INTERNATIONAL STANDARD BOOK NUMBER | |
| International Standard Book Number | 0764588451 |
| 040 ## - CATALOGING SOURCE | |
| Original cataloging agency | DLC |
| 082 00 - DEWEY DECIMAL CLASSIFICATION NUMBER | |
| Classification number | 06.7/4 |
| 100 1# - MAIN ENTRY--PERSONAL NAME | |
| Personal name | Dykes, Lucinda. |
| 245 10 - TITLE STATEMENT | |
| Title | XML for dummies |
| Statement of responsibility, etc. | Lucinda Dykes and Ed Tittel. |
| 250 ## - EDITION STATEMENT | |
| Edition statement | 4th ed. |
| 260 ## - PUBLICATION, DISTRIBUTION, ETC. | |
| Place of publication, distribution, etc. | Foster City. : |
| Name of publisher, distributor, etc. | IDG Books, |
| Date of publication, distribution, etc. | c2005. |
| 300 ## - PHYSICAL DESCRIPTION | |
| Extent | 366 p. : |
| Other physical details | ill. ; |
| Dimensions | 23 cm. |
| 500 ## - GENERAL NOTE | |
| General note | Includes index. |
| 650 #0 - SUBJECT ADDED ENTRY--TOPICAL TERM | |
| Topical term or geographic name entry element | XML (Document markup language) |
| 700 1# - ADDED ENTRY--PERSONAL NAME | |
| Personal name | Tittel, Ed. |
| 856 42 - ELECTRONIC LOCATION AND ACCESS | |
| Materials specified | Contributor biographical information |
| Uniform Resource Identifier | <a href="http://www.loc.gov/catdir/enhancements/fy0628/2005923240-b.html">http://www.loc.gov/catdir/enhancements/fy0628/2005923240-b.html</a> |
| 856 42 - ELECTRONIC LOCATION AND ACCESS | |
| Materials specified | Publisher description |
| Uniform Resource Identifier | <a href="http://www.loc.gov/catdir/enhancements/fy0628/2005923240-d.html">http://www.loc.gov/catdir/enhancements/fy0628/2005923240-d.html</a> |
| 856 42 - ELECTRONIC LOCATION AND ACCESS | |
| Materials specified | Table of contents only |
| Uniform Resource Identifier | <a href="http://www.loc.gov/catdir/enhancements/fy0628/2005923240-t.html">http://www.loc.gov/catdir/enhancements/fy0628/2005923240-t.html</a> |
| 942 ## - ADDED ENTRY ELEMENTS (KOHA) | |
| Koha item type | Book |
| Call number prefix | 005.72 TIT |
| Source of classification or shelving scheme | |
| Withdrawn status | Lost status | Damaged status | Not for loan | Collection code | Permanent Location | Current Location | Shelving location | Date acquired | Total Checkouts | Full call number | Barcode | Date last seen | Price effective from | Koha item type | Source of acquisition |
|---|---|---|---|---|---|---|---|---|---|---|---|---|---|---|---|
| Central Library (CL) | Central Library (CL) | First Floor - Operating System/ Data Structure | 12/08/2000 | 005.72 TIT | SEECS000510 | 11/14/2012 | 01/05/2017 | Book | |||||||
| Central Library (CL) | Central Library (CL) | First Floor - Operating System/ Data Structure | 08/31/2001 | 005.72 TIT | SEECS001251 | 11/14/2012 | 01/05/2017 | Book | Donation |
